01008cam a2200265 a 4500001001000000003000400010005001700014008004100031020001500072040002500087082001800112100003700130245006100167260004800228300002000276500006300296590002700359650003400386650004800420910001500468942001300483952011900496952011200615999001500727000005997OSt20200929151857.0020725s2001 nq 001 p spa  z9992437349 aDO-SdBNPbspacBNPHU aN861.5bC355a1 aCastro Jo, Carlos,d1960-91689710aAl margen de lo visible :bpoesía /cCarlos Castro Jo. aManagua, Nicaragua :bANE/NORAD/CNE,c2001. a80 p. ;c21 cm. aIncluye datos biográficos del autor en la contraportada. aInventariado, 2020/ YL 4aPoesía nicaragüense98179 4aLiteratura nicaragüenseySIGLO XXI916898 aEn proceso 2ddccLF1 00102ddc52708MOaGRbGRcCTd2009-08-25eDonación iLF1l0oN861.5 C355ap5997-10r2020-06-25w2020-06-25y2 00112ddc50718MOaGRbGRcMId2017-04-11iLF1l0oN861.5 C355ap5997-20r2020-06-25te. 2w2020-06-25y1 c5793d5793